000 00642nam a22002177a 4500
003 UA-OsUOA
001 75650
007 ta
008 20110527b un ||||| |||| 00| 0 ukr d
100 _aХайлук С.
090 _a330(477)
_bХ15
942 _cSA
040 _aUA-OsUOA
_bukr
_cUA-OsUOA
_dUA-OsUOA
245 _aАналіз зміни продуктивності діяльності вітчизняних банків на основі індексу Малмквіста
300 _aС.3-12
955 _a0
041 _aukr
080 _a330(477)
773 0 _w75649
650 7 _a330 Економіка взагалі
_2UDC
999 _c361946
_d361946